Rozpoznaj kraj na podstawie panoramy miasta - Statystyki

Ogólne statystyki
  • Ten quiz został rozwiązany 40 razy
  • Średni wynik to 12 z 94
Statystyki odpowiedzi
Obrazkowy Odpowiedź % Poprawnych
Brazylia
76%
Uzbekistan
71%
Zjednoczone Emiraty Arabskie
68%
Malezja
62%
Australia
59%
Singapur
56%
Norwegia
50%
Macedonia Północna
44%
Stany Zjednoczone
41%
Japonia
38%
Chiny
35%
Islandia
35%
Ukraina
35%
Polska
32%
Niemcy
26%
Turkmenistan
26%
Wietnam
26%
Azerbejdżan
24%
Chile
24%
Portugalia
24%
Słowenia
24%
Finlandia
21%
Jemen
21%
Filipiny
18%
Łotwa
18%
Czechy
15%
Kanada
15%
Mołdawia
15%
Nepal
15%
Kuba
12%
Luksemburg
12%
Peru
12%
Rosja
12%
Urugwaj
12%
Białoruś
9%
Egipt
9%
Estonia
9%
Kazachstan
9%
Kirgistan
9%
Korea Południowa
9%
Meksyk
9%
Wybrzeże Kości Słoniowej
9%
Argentyna
6%
Belgia
6%
Gujana
6%
Irlandia
6%
Maroko
6%
Rumunia
6%
Tajlandia
6%
Boliwia
3%
Burkina Faso
3%
Gruzja
3%
Gwatemala
3%
Indie
3%
Kambodża
3%
Kolumbia
3%
Liban
3%
Mauretania
3%
Mongolia
3%
Oman
3%
Republika Południowej Afryki
3%
Serbia
3%
Słowacja
3%
Surinam
3%
Tadżykistan
3%
Turcja
3%
Albania
0%
Angola
0%
Armenia
0%
Bangladesz
0%
Bhutan
0%
Czad
0%
Dominikana
0%
Gambia
0%
Ghana
0%
Haiti
0%
Honduras
0%
Indonezja
0%
Jamajka
0%
Kenia
0%
Laos
0%
Madagaskar
0%
Namibia
0%
Nigeria
0%
Nikaragua
0%
Nowa Zelandia
0%
Pakistan
0%
Papua-Nowa Gwinea
0%
Paragwaj
0%
Rwanda
0%
Sudan Południowy
0%
Togo
0%
Tunezja
0%
Wyspy Zielonego Przylądka
0%
Nie znaleziono quizów pasujących do podanych kryteriów
Rozkład punktacji
Procent ludzi z każdym wynikiem
Percentyl według liczby udzielonych odpowiedzi
Twoja historia wyników
Nie rozwiązałeś tego quizu